000 00789nam a2200241 a 4500
005 20191224041644.0
008 140306s1998 ck ad |r|||| 00| 0 spa d
040 _aCO-BoIAVH
_cCO-BoIAVH
041 0 _aspa
044 _ack
082 0 4 _a353.93
_bC71p
110 2 _bColombia
_aMinisterio del Medio Ambiente
245 1 0 _aPolítica para la gestión integral de residuos /
_cMinisterio del Medio Ambiente
260 _aBogotá :
_bMinambiente,
_c1998.
300 _a47 páginas :
_bilustraciones y tablas ;
_c28 x 22 centímetros
650 1 6 _aPolítica Ambiental
650 2 6 _aGestión ambiental
650 2 4 _aResiduos sólidos
650 2 4 _aResiduos aprovechables
650 2 6 _aPolución
651 _aColombia
942 _cLIBRO
_2ddc
999 _c2645
_d2645